|
|
|
|
| LEADER |
00000nam0a2200000 4500 |
| 001 |
84169 |
| 005 |
20231031100500.0 |
| 035 |
|
|
|a (RuTPU)RU\TPU\book\90487
|
| 090 |
|
|
|a 84169
|
| 100 |
|
|
|a 20051026d1979 km y0rusy50 ca
|
| 101 |
0 |
|
|a rus
|
| 102 |
|
|
|a UA
|
| 105 |
|
|
|a a z 000zy
|
| 200 |
1 |
|
|a Источники электропитания со специальными характеристиками
|e сборник научных трудов
|f Академия наук Украинской ССР; Институт электродинамики; под ред. И. В. Волкова
|
| 210 |
|
|
|a Киев
|c Наукова думка
|d 1979
|
| 215 |
|
|
|a 172 с.
|c ил.
|
| 320 |
|
|
|a Библиография в конце глав.
|
| 610 |
1 |
|
|a электропитающие установки
|
| 610 |
1 |
|
|a электромагнитные устройства
|
| 610 |
1 |
|
|a полупроводниковые устройства
|
| 610 |
1 |
|
|a регуляторы
|
| 610 |
1 |
|
|a теория
|
| 675 |
|
|
|a 621.311.6
|v 3
|
| 702 |
|
1 |
|a Волков
|b И. В.
|4 340
|
| 712 |
0 |
2 |
|a Академия наук Украинской ССР (АН УССР)
|b Институт электродинамики
|2 stltpush
|3 (RuTPU)RU\TPU\col\12436
|
| 801 |
|
1 |
|a RU
|b 63413507
|c 20051026
|g PSBO
|
| 801 |
|
2 |
|a RU
|b 63413507
|c 20081113
|g PSBO
|
| 942 |
|
|
|c BK
|